Možnosti financovania malých a stredných podnikov v SR diplomová práca

Uložené v:
Podrobná bibliografia
Hlavný autor: Andrášiková, Jana
Korporativný autor: Národohospodárska fakulta EU. Katedra bankovníctva a medzinárodných financií
Ďalší autori: Pauhofová, Iveta
Médium: Kniha
Jazyk:Slovak
Vydavateľské údaje: Bratislava 2008
Tagy: Pridať tag
Žiadne tagy, Buďte prvý, kto otaguje tento záznam!

MARC

LEADER 00000nam$a2200000$$$4500
001 0076644
005 20230113082325.8
041 0 |a slo 
044 |a SK 
245 1 0 |a Možnosti financovania malých a stredných podnikov v SR  |b diplomová práca  |c Jana Andrášiková ; škol. Iveta Pauhofová 
264 1 |a Bratislava  |c 2008 
300 |a 81 s. 
100 1 |a Andrášiková, Jana 
700 1 |a Pauhofová, Iveta 
710 2 |a Národohospodárska fakulta EU. Katedra bankovníctva a medzinárodných financií